000 00418cam a2200169 4500
001 D12444
008 090401t1948 xxu||||| |||| 00| 0 eng d
035 _a(Sirsi) u3565
041 _aeng
100 _aCollier, Ronald
245 _aValuation for compensation and development charges
260 _bButterworth and Co
_c1948
350 _a0
520 _aSupplement; Shelf 114
942 _n0
948 _c04/03/1997
999 _c85901
_d85901